| 000 | 01158nam a2200265 a 4500 | ||
|---|---|---|---|
| 001 | 84162 | ||
| 003 | BD-RjUL | ||
| 005 | 20241024112857.0 | ||
| 008 | 241024s2021 bg a|||| m||| 00| 0 eng d | ||
| 035 | _a(BD-RjUL)84162 | ||
| 040 |
_aBD-RjUL _beng _cBD-RjUL _dBD-RjUL |
||
| 041 | _aeng | ||
| 082 |
_223 _a363.738 _bHOI 2021 |
||
| 100 |
_aHossain, Md. Iqbal _913924 |
||
| 245 | 1 | 0 |
_aImpacts of Seawater Intrusion and its Possible Remedial Measures in Bagethat District, Bangladesh / _cBy Md. Iqbal Hossain ; _6Principal Supervisor : A H M Selim Reza, Co-Supervisor : Md. Sultan-Ul-Islam, Co-Supervisor : S. M. Shafiuzzaman |
| 260 |
_aRajshahi : _bInstitute of Environmental Science, University of Rajshahi, _c2021 |
||
| 300 |
_axx, 265 Leaves : _bill, ; _c29 cm. |
||
| 502 | _aThesis (Ph. D.) -- Institute of Environmental Science, University of Rajshahi, 2021 | ||
| 504 | _aReferences : Leaves 214-225 | ||
| 650 |
_aSeawater Intrusion _vPollutants _913925 |
||
| 700 |
_aReza, A H M Selim, Principal Supervisor _913926 |
||
| 700 |
_aIslam, Md. Sultan-Ul-, Co-Supervisor _913927 |
||
| 700 |
_aShafiuzzaman, S. M., Co-Supervisor _913928 |
||
| 942 |
_2ddc _cTHE |
||
| 999 |
_c84162 _d84162 |
||